<?xml version="1.0" encoding="UTF-8"?>
<record
    xmlns:xsi="http://www.w3.org/2001/XMLSchema-instance"
    xsi:schemaLocation="http://www.loc.gov/MARC21/slim http://www.loc.gov/standards/marcxml/schema/MARC21slim.xsd"
    xmlns="http://www.loc.gov/MARC21/slim">

  <leader>01072nam a22002537a 4500</leader>
  <controlfield tag="005">20220217114611.0</controlfield>
  <controlfield tag="008">220217b           ||||| |||| 00| 0 eng d</controlfield>
  <datafield tag="020" ind1=" " ind2=" ">
    <subfield code="a">9788128011269</subfield>
  </datafield>
  <datafield tag="040" ind1=" " ind2=" ">
    <subfield code="c">Aloy</subfield>
  </datafield>
  <datafield tag="041" ind1=" " ind2=" ">
    <subfield code="a">kan</subfield>
  </datafield>
  <datafield tag="082" ind1=" " ind2=" ">
    <subfield code="2">23</subfield>
    <subfield code="a">001.42K</subfield>
    <subfield code="b">KALK</subfield>
  </datafield>
  <datafield tag="100" ind1=" " ind2=" ">
    <subfield code="a">M M Kalaburgi: &#xC8E;&#xC82; &#xC8E;&#xC82; &#xC95;&#xCB2;&#xCAC;&#xCC1;&#xCB0;&#xCCD;&#xC97;&#xCBF;</subfield>
    <subfield code="9">20533</subfield>
  </datafield>
  <datafield tag="245" ind1=" " ind2=" ">
    <subfield code="a">Kannada Grantha Sampadana Shastra: &#xC95;&#xCA8;&#xCCD;&#xCA8;&#xCA1; &#xC97;&#xCCD;&#xCB0;&#xC82;&#xCA5; &#xCB8;&#xC82;&#xCAA;&#xCBE;&#xCA6;&#xCA8; &#xCB6;&#xCBE;&#xCB8;&#xCCD;&#xCA4;&#xCCD;&#xCB0; </subfield>
  </datafield>
  <datafield tag="260" ind1=" " ind2=" ">
    <subfield code="a">Bengaluru</subfield>
    <subfield code="b">Sapna Book House</subfield>
    <subfield code="c">2019</subfield>
  </datafield>
  <datafield tag="300" ind1=" " ind2=" ">
    <subfield code="a">xii,281 p.</subfield>
    <subfield code="b">PB</subfield>
    <subfield code="c">21x14 cm.</subfield>
  </datafield>
  <datafield tag="365" ind1=" " ind2=" ">
    <subfield code="2">Journalism</subfield>
    <subfield code="a">BLCR-000121</subfield>
    <subfield code="b">120.00</subfield>
    <subfield code="c">&#x20B9;</subfield>
    <subfield code="d">150.00</subfield>
    <subfield code="e">20%</subfield>
    <subfield code="f">120.00</subfield>
    <subfield code="g">16-02-2022</subfield>
  </datafield>
  <datafield tag="650" ind1=" " ind2=" ">
    <subfield code="a">Itihasakhanda: &#xC87;&#xCA4;&#xCBF;&#xCB9;&#xCBE;&#xCB8;&#xC95;&#xCBE;&#xC82;&#xCA1; </subfield>
    <subfield code="9">20534</subfield>
  </datafield>
  <datafield tag="650" ind1=" " ind2=" ">
    <subfield code="a">Lekhanakanda: &#xCB2;&#xCC7;&#xC96;&#xCA8;&#xC95;&#xCBE;&#xC82;&#xCA1; </subfield>
    <subfield code="9">20535</subfield>
  </datafield>
  <datafield tag="650" ind1=" " ind2=" ">
    <subfield code="a">Hastapratikanda: &#xCB9;&#xCB8;&#xCCD;&#xCA4;&#xCAA;&#xCCD;&#xCB0;&#xCA4;&#xCBF;&#xC95;&#xCBE;&#xC82;&#xCA1; </subfield>
    <subfield code="9">20536</subfield>
  </datafield>
  <datafield tag="650" ind1=" " ind2=" ">
    <subfield code="a">Sampadanakanda: &#xCB8;&#xC82;&#xCAA;&#xCBE;&#xCA6;&#xCA8;&#xC95;&#xCBE;&#xC82;&#xCA1; </subfield>
    <subfield code="9">20537</subfield>
  </datafield>
  <datafield tag="650" ind1=" " ind2=" ">
    <subfield code="a">Sheshakanda: &#xCB6;&#xCC7;&#xCB7;&#xC95;&#xCBE;&#xC82;&#xCA1; </subfield>
    <subfield code="9">20538</subfield>
  </datafield>
  <datafield tag="700" ind1=" " ind2=" ">
    <subfield code="a">KALABURI (M M): &#xC95;&#xCB2;&#xCAC;&#xCC1;&#xCB0;&#xCCD;&#xC97;&#xCBF; (&#xC8E;&#xC82; &#xC8E;&#xC82;)</subfield>
    <subfield code="9">20539</subfield>
  </datafield>
  <datafield tag="942" ind1=" " ind2=" ">
    <subfield code="2">ddc</subfield>
    <subfield code="c">BK</subfield>
  </datafield>
  <datafield tag="999" ind1=" " ind2=" ">
    <subfield code="c">221541</subfield>
    <subfield code="d">221541</subfield>
  </datafield>
  <datafield tag="952" ind1=" " ind2=" ">
    <subfield code="0">0</subfield>
    <subfield code="1">0</subfield>
    <subfield code="2">ddc</subfield>
    <subfield code="4">0</subfield>
    <subfield code="7">0</subfield>
    <subfield code="8">JR</subfield>
    <subfield code="a">AL</subfield>
    <subfield code="b">AL</subfield>
    <subfield code="d">2022-02-16</subfield>
    <subfield code="e">Navakarntaka Publications Pvt Ltd Mangaluru-575001</subfield>
    <subfield code="g">120.00</subfield>
    <subfield code="l">0</subfield>
    <subfield code="o">001.42K KALK</subfield>
    <subfield code="p">075467</subfield>
    <subfield code="r">2022-02-17 00:00:00</subfield>
    <subfield code="v">150.00</subfield>
    <subfield code="w">2022-02-17</subfield>
    <subfield code="y">BK</subfield>
  </datafield>
</record>
